Higher Engineering Mathematics (Record no. 240541)

MARC details
000 -LEADER
fixed length control field 00567nam a22001937a 4500
005 - DATE AND TIME OF LATEST TRANSACTION
control field 20260402100015.0
008 - FIXED-LENGTH DATA ELEMENTS--GENERAL INFORMATION
fixed length control field 251013b |||||||| |||| 00| 0 eng d
020 ## - INTERNATIONAL STANDARD BOOK NUMBER
International Standard Book Number 9780070634190
040 ## - CATALOGING SOURCE
Transcribing agency AL
041 ## - LANGUAGE CODE
Language code of text/sound track or separate title English
082 ## - DEWEY DECIMAL CLASSIFICATION NUMBER
Classification number 510.2462
Item number RAMH
100 ## - MAIN ENTRY--PERSONAL NAME
Personal name B V Ramana
100 ## - MAIN ENTRY--PERSONAL NAME
9 (RLIN) 260090
245 ## - TITLE STATEMENT
Title Higher Engineering Mathematics
260 ## - PUBLICATION, DISTRIBUTION, ETC.
Place of publication, distribution, etc. Chennai
Name of publisher, distributor, etc. McGraw hill education Private Limited
Date of publication, distribution, etc. 2022
300 ## - PHYSICAL DESCRIPTION
Extent 1400 p.
Other physical details PB
Dimensions 24x18 cm.
365 ## - TRADE PRICE
Price type code ABDI/0818/25
Price amount ₹843.75
Currency code
Unit of pricing ₹1125.00
Price note 25%
Price effective from 03-10-2025
650 ## - SUBJECT ADDED ENTRY--TOPICAL TERM
Topical term or geographic name entry element Engineering
9 (RLIN) 242151
942 ## - ADDED ENTRY ELEMENTS (KOHA)
Source of classification or shelving scheme Dewey Decimal Classification
Koha item type Book
Holdings
Withdrawn status Lost status Source of classification or shelving scheme Damaged status Not for loan Collection code Home library Current library Date acquired Source of acquisition Cost, normal purchase price Total Checkouts Total Renewals Full call number Barcode Date last seen Date last checked out Cost, replacement price Price effective from Koha item type
    Dewey Decimal Classification     Information Science and Engineering St Aloysius Engineering Library St Aloysius Engineering Library 10/03/2025 Academic Book Distributors 843.75 1 1 510.2462 RAMH SE000078 12/19/2025 12/03/2025 1125.00 10/03/2025 Book
    Dewey Decimal Classification     Information Science and Engineering St Aloysius Engineering Library St Aloysius Engineering Library 10/03/2025 Academic Book Distributors 843.75 2   510.2462 RAMH SE000079 12/03/2025 12/03/2025 1125.00 10/03/2025 Book